000 00977nmm a2200277 a 4500
001 ocm0001682955
003 TR-IsHL
005 20201028165738.0
008 171115s2014 tu tur
007 cr cn
020 _a9786058760493
035 _a1682955
_b(N$T)
050 0 4 _aDS51.Y87
_bT36 2014
090 0 4 _aDS51.Y87
_bT36 2014
100 1 _aYurtsever, Cezmi
245 1 0 _aTapan
_h[electronic resource] /
_cCezmi Yurtsever
260 _aAdana :
_bÇukurovalı Yayınları,
_c2014
300 _a152 p.
500 _aKaynakça var.
_xDış kapak eser adı : Tapan : Çukurova ve Toros dağlarında peygamber soylu "Seyyid" aileler
_x
650 4 _aTarih
650 4 _aHistory
650 0 _aTapan, Çukurova (Türkiye)
_x Tarih
650 0 _aTapan, Çukurova (Turkey)
_x History
650 7 _aHISTORY / Middle East / Turkey & Ottoman Empire
_2bisacsh
856 4 0 _uhttp://search.ebscohost.com/login.aspx?direct=true&scope=site&db=e011xww&AN=1682955
999 _c15949
_d15949